| 000 | 00857nam a22002177a 4500 | ||
|---|---|---|---|
| 003 | UA-OsUOA | ||
| 001 | 62233 | ||
| 007 | ta | ||
| 008 | 20090814b un ||||| |||| 00| 0 ukr d | ||
| 090 | _a02 | ||
| 942 | _cBK | ||
| 040 |
_aUA-OsUOA _bukr _cUA-OsUOA _dUA-OsUOA |
||
| 245 |
_aСкарбниця духовності _bматеріали науково-практичної конференції, присвяченої 50-річчю Наукової бібліотеки ужгородського державного університету (17-15 жовтня 1995р.). Доповіді, повідомлення, спогади. _cВ. С. Поп |
||
| 300 | _a328 с. | ||
| 955 | _a1 | ||
| 041 | _aukr | ||
| 080 | _a02 | ||
| 260 |
_aУжгород _bПатент _c1997 |
||
| 650 | 7 |
_a02 Бібліотечна справа _2UDC |
|
| 999 |
_c348323 _d348323 |
||